000 002700000a22000970004500
100 1 _aGiles, Jaime E.
245 1 0 _aConceptos teológicos y éticos en el libro de Jeremías
300 _aNum. 19 (Abril, 1982), Páginas 29-41
773 0 _tDiálogo teológico
942 _cANA
999 _c53317
_d53317